Score 0/28 Timer 04:00
1 Play Today
Clue 4-Letter Word % Correct
Temporarily give someone moneyLEND
93.3%
12:00NOON
93.2%
Force an object from straight to curvedBEND
90.7%
A darkened form of a font for emphasisBOLD
89.8%
\/ Precious chemical element \/GOLD
89.6%
Bugs Bunny, Dopey, or SpongeBob, e.g.TOON
89.3%
A monetary punishment for law-breakingFINE
89%
Lima, string, wax or navy, e.g.BEAN
88.8%
This can be covalent or ionicBOND
87.5%
Home to TehranIRAN
86.9%
A fabric-based outdoor shelterTENT
86.8%
Fiber source in many cerealsBRAN
85.6%
Capital of SwitzerlandBERN
85.3%
A person from HelsinkiFINN
84.9%
Clue 4-Letter Word % Correct
\/ Another chemical element \/IRON
84.7%
To watch over or serveTEND
84.3%
\/ Another chemical element \/NEON
83.2%
A plant with frondsFERN
81.9%
Disney Sci-Fi 'classic' of 1982TRON
81.1%
'___ and Teller'PENN
79.9%
\/ Base chemical element \/LEAD
79.8%
Confined or repressedPENT
77%
'Twin Peaks' actress SherilynFENN
75.6%
A person obliged to do menial tasksPEON
74.3%
Jenny ___, the 'Swedish Nightingale'LIND
57%
\/ Another chemical element \/ZINC
52.8%
A small circulation or on-line periodicalZINE
51%
Clarence Williams III on 'The Mod Squad'LINC
47.4%

Today's Daily Dose

Remove Ads.
Support Sporcle.
Get the best of Sporcle when you Go Orange. This ad-free experience offers more features, more stats, and more fun while also helping to support Sporcle. Thank you for becoming a member.

You're not logged in!

Compare scores with friends on all Sporcle quizzes.
OR
Log In

Show Comments

Extras

Top Quizzes Today


Score Distribution

Your Account Isn't Verified!

In order to create a playlist on Sporcle, you need to verify the email address you used during registration. Go to your Sporcle Settings to finish the process.

Report this User

Report this user for behavior that violates our Community Guidelines.

Details: